[Event "CZE-chT2F 1314"]
[Site "Czech Republic"]
[Date "2014.03.23"]
[Round "10.64"]
[White "Zednik, Josef"]
[Black "Vaculik, Lubomir"]
[Result "1-0"]
[WhiteElo "2081"]
[BlackElo "1926"]
[PlyCount "75"]
[EventDate "2013.11.03"]
[EventType "team-tourn"]
[EventRounds "11"]
[EventCountry "CZE"]
[SourceTitle "EXT 2016"]
[Source "ChessBase"]
[SourceDate "2015.10.08"]
[SourceVersion "1"]
[SourceVersionDate "2015.10.08"]
[SourceQuality "1"]
[WhiteTeam "Prerov II"]
[BlackTeam "Hostalkova"]
[WhiteTeamCountry "CZE"]
[BlackTeamCountry "CZE"]

1. d4 Nf6 2. c4 g6 3. Nc3 Bg7 4. Nf3 d6 5. Bg5 0-0 6. e3 Nbd7 7. Be2 c6 8. Qc2 Qa5 9. 0-0 e5 10. Bh4 Kh8 11. a3 Ng8 12. b4 Qc7 13. dxe5 dxe5 14. Nd2 f5 15. f3 Ndf6 16. e4 Ne7 17. Rfd1 Be6 18. Bf2 Rad8 19. c5 fxe4 20. Ncxe4 Nfd5 21. Nc4 Nf5 22. Bf1 Bg8 23. Re1 Rde8 24. Rad1 Qe7 25. Ned6 Nxd6 26. Nxd6 Rb8 27. Bg3 Qg5 28. Qf2 Nf4 29. Bc4 Bxc4 30. Nxc4 Qf5 31. Re4 Rbe8 32. Qe1 Rd8 33. Nd6 Qd7 34. Rxe5 Nd5 35. Rdxd5 cxd5 36. Re7 Qa4 37. Be5 Bf6 38. Qa1 1-0

[Event "CZE-chT2F 1314"]
[Site "Czech Republic"]
[Date "2013.11.17"]
[Round "2.36"]
[White "Vaculik, Lubomir"]
[Black "Rambousek, Jan"]
[Result "0-1"]
[WhiteElo "1926"]
[BlackElo "2001"]
[PlyCount "84"]
[EventDate "2013.11.03"]
[EventType "team-tourn"]
[EventRounds "11"]
[EventCountry "CZE"]
[SourceTitle "EXT 2016"]
[Source "ChessBase"]
[SourceDate "2015.10.08"]
[SourceVersion "1"]
[SourceVersionDate "2015.10.08"]
[SourceQuality "1"]
[WhiteTeam "Hostalkova"]
[BlackTeam "Opava KVS"]
[WhiteTeamCountry "CZE"]
[BlackTeamCountry "CZE"]

1. Nf3 Nf6 2. c4 g6 3. Nc3 Bg7 4. g3 d6 5. Bg2 e5 6. 0-0 Nc6 7. d3 0-0 8. a3 a5 9. Bg5 h6 10. Bd2 Be6 11. Nb5 d5 12. cxd5 Nxd5 13. Rc1 Qd7 14. Nc3 Nde7 15. Qa4 f5 16. Qh4 g5 17. Qa4 g4 18. Ne1 Rad8 19. Be3 Rf7 20. f4 Nd5 21. Nxd5 Bxd5 22. Rc5 Bxg2 23. Nxg2 Qd6 24. Rc4 h5 25. Bc5 Qe6 26. Qc2 Rdd7 27. Qc1 Nd4 28. Bxd4 exd4 29. Re1 Rfe7 30. Qd2 b6 31. Kf2 c5 32. a4 Qd5 33. Rcc1 Bf6 34. Qc2 Kg7 35. Qc4 Qd6 36. Rf1 Re6 37. b3 Qe7 38. Rce1 h4 39. gxh4 Bxh4+ 40. Nxh4 Qxh4+ 41. Kg1 g3 42. Kg2 Qxh2+ 0-1